<?xml version="1.0" encoding="UTF-8"?><?xml-stylesheet type="text/xsl" href="static/style.xsl"?><OAI-PMH xmlns="http://www.openarchives.org/OAI/2.0/" xmlns:xsi="http://www.w3.org/2001/XMLSchema-instance" xsi:schemaLocation="http://www.openarchives.org/OAI/2.0/ http://www.openarchives.org/OAI/2.0/OAI-PMH.xsd"><responseDate>2026-04-18T07:58:56Z</responseDate><request verb="GetRecord" identifier="oai:www.recercat.cat:10230/58609" metadataPrefix="marc">https://recercat.cat/oai/request</request><GetRecord><record><header><identifier>oai:recercat.cat:10230/58609</identifier><datestamp>2025-12-19T20:28:41Z</datestamp><setSpec>com_2072_6</setSpec><setSpec>col_2072_452954</setSpec></header><metadata><record xmlns="http://www.loc.gov/MARC21/slim" xmlns:dcterms="http://purl.org/dc/terms/" xmlns:xsi="http://www.w3.org/2001/XMLSchema-instance" xmlns:doc="http://www.lyncode.com/xoai" xsi:schemaLocation="http://www.loc.gov/MARC21/slim http://www.loc.gov/standards/marcxml/schema/MARC21slim.xsd">
   <leader>00925njm 22002777a 4500</leader>
   <datafield ind2=" " ind1=" " tag="042">
      <subfield code="a">dc</subfield>
   </datafield>
   <datafield ind2=" " ind1=" " tag="720">
      <subfield code="a">Carpentier, Sebastián</subfield>
      <subfield code="e">author</subfield>
   </datafield>
   <datafield ind2=" " ind1=" " tag="720">
      <subfield code="a">Carrera, Daniel</subfield>
      <subfield code="e">author</subfield>
   </datafield>
   <datafield ind2=" " ind1=" " tag="720">
      <subfield code="a">Miranda, Antonio</subfield>
      <subfield code="e">author</subfield>
   </datafield>
   <datafield ind2=" " ind1=" " tag="720">
      <subfield code="a">Requejo, Ferran, 1951-</subfield>
      <subfield code="e">author</subfield>
   </datafield>
   <datafield ind2=" " ind1=" " tag="720">
      <subfield code="a">Rojano, Joan</subfield>
      <subfield code="e">author</subfield>
   </datafield>
   <datafield ind2=" " ind1=" " tag="260">
      <subfield code="c">2024-01-02T14:00:00Z</subfield>
   </datafield>
   <datafield ind2=" " ind1=" " tag="260">
      <subfield code="c">2024-01-02T14:00:00Z</subfield>
   </datafield>
   <datafield ind2=" " ind1=" " tag="260">
      <subfield code="c">2023-06</subfield>
   </datafield>
   <datafield ind2=" " ind1=" " tag="520">
      <subfield code="a">Treball fi de màster de: Master&amp;apos;s Degree in Economics and Finance: Economics Program. Curs 2022-2023</subfield>
   </datafield>
   <datafield ind2=" " ind1=" " tag="520">
      <subfield code="a">Tutor: Rodrigo Carril</subfield>
   </datafield>
   <datafield ind2=" " ind1=" " tag="520">
      <subfield code="a">Using a fuzzy regression discontinuity design we estimate the effect of a country-wide free tuition policy on university enrollment and attrition in Chile. Exploiting an administrative dataset of the 2019 cohort of applicants we find significant impacts on both enrollment and attrition. The results are robust even after controlling for potential confounders and fixed effects. We find evidence of significantly larger effects among typically disadvantaged applicants such as rural an aboriginal. Results support the argument that free-tuition policy in higher education reduces socioeconomic gaps in access and attrition and such effects are larger for marginalized groups.</subfield>
   </datafield>
   <datafield ind2=" " ind1=" " tag="520">
      <subfield code="a">Usando un diseño de regresión discontinua estimamos el impacto de una política universal de gratuidad sobre la matrícula y la deserción universitaria en Chile. Explotando información administrativa de la cohorte de aplicantes del 2019 encontramos impactos significativos sobre ambas variables. Hallamos evidencia de que los efectos fueron significativamente mayores para grupos típicamente desaventajados como estudiantes rurales y aborígenes. Los resultados son consistentes con el argumento de que las políticas de gratuidad en la educación superior reducen las brechas socioeconómicas en el acceso y la deserción y que dichos efectos son mayores para grupos marginalizados.</subfield>
   </datafield>
   <datafield ind2=" " ind1=" " tag="520">
      <subfield code="a">Utilitzant un disseny de regressió discontínua estimem l&amp;apos;impacte d&amp;apos;una política universal de gratuïtat sobre la matriculació i deserció universitària a Xile. Explotant dades administratives de la cohort de sol·licitants del 2019 trobem impactes significatius sobre ambdues variables. Descobrim evidència que els efectes van ser significativament majors per a grups típicament en inferioritat de condicions com estudiants rurals i aborígens. Els resultats són consistents amb l&amp;apos;argument que les polítiques de gratuïtat a l&amp;apos;educació superior redueixen les escletxes socioeconòmiques a l&amp;apos;accés i la deserció i que aquests efectes són majors per a grups marginalitzats.</subfield>
   </datafield>
   <datafield tag="653" ind2=" " ind1=" ">
      <subfield code="a">Free-tuition</subfield>
   </datafield>
   <datafield tag="653" ind2=" " ind1=" ">
      <subfield code="a">Enrollment</subfield>
   </datafield>
   <datafield tag="653" ind2=" " ind1=" ">
      <subfield code="a">Dropout</subfield>
   </datafield>
   <datafield tag="653" ind2=" " ind1=" ">
      <subfield code="a">Gratuidad</subfield>
   </datafield>
   <datafield tag="653" ind2=" " ind1=" ">
      <subfield code="a">Matrícula</subfield>
   </datafield>
   <datafield tag="653" ind2=" " ind1=" ">
      <subfield code="a">Deserción</subfield>
   </datafield>
   <datafield tag="653" ind2=" " ind1=" ">
      <subfield code="a">Gratuïtat</subfield>
   </datafield>
   <datafield tag="653" ind2=" " ind1=" ">
      <subfield code="a">Deserció</subfield>
   </datafield>
   <datafield ind2="0" ind1="0" tag="245">
      <subfield code="a">The impact of free tuition on college enrollment and attrition: quasi-experimental evidence from Chile</subfield>
   </datafield>
</record></metadata></record></GetRecord></OAI-PMH>